LIBRARY & INFORMATION CENTRE, KCAET, TAVANUR

ONLINE PUBLIC ACCESS CATALOGUE (OPAC)

Fluid dynamics (Record no. 1557)

MARC details
000 -LEADER
fixed length control field 00374cam a2200169ua 4500
041 ## - LANGUAGE CODE
Language code of text/sound track or separate title eng
082 ## - DEWEY DECIMAL CLASSIFICATION NUMBER
Classification number 531.11
Item number COL/FL
100 ## - MAIN ENTRY--AUTHOR NAME
Personal name Cole, G H A .
245 ## - TITLE STATEMENT
Title Fluid dynamics
260 ## - PUBLICATION, DISTRIBUTION, ETC. (IMPRINT)
Place of publication London :
Name of publisher McMillon & Co Ltd ,
Year of publication 1962.
300 ## - PHYSICAL DESCRIPTION
Number of Pages 238 ; .
942 ## - ADDED ENTRY ELEMENTS (KOHA)
Koha item type Books
Holdings
Withdrawn status Lost status Damaged status Home library Current library Date acquired Full call number Accession Number Koha item type
      KAUAET KAUAET 07/04/2012 531.11 COL/FL 11713 Books
free website counter